Country Flags with Unusual Shapes - Statistics

General Stats
  • This quiz has been taken 17 times
  • The average score is 7 of 7
Answer Stats
Picture Answer % Correct
Nepal
100%
Switzerland
100%
Latvia
94%
Montenegro
94%
Qatar
94%
Vatican City
94%
Monaco
88%
No matching quizzes found
Score Distribution
Percent of People with Each Score
Percentile by Number Answered
Your Score History
You have not taken this quiz